书目信息 |
| 题名: |
一看就懂的南北朝史
|
|
| 作者: | 黄哲 著 | |
| 分册: | ||
| 出版信息: | 北京 中国法制出版社 2016 |
|
| 页数: | 232页 | |
| 开本: | 24cm | |
| 丛书名: | 一看就懂的中国史系列 | |
| 单 册: | ||
| 中图分类: | K239.09 | |
| 科图分类: | ||
| 主题词: | 南北朝时代--nan bei chao shi dai--历史--通俗读物 | |
| 电子资源: | ||
| ISBN: | 978-7-5093-7608-9 | |
| 000 | 01030nam0 22002771 450 | |
| 001 | 0115101253 | |
| 005 | 20170417092700.06 | |
| 010 | @a978-7-5093-7608-9@dCNY36.00 | |
| 100 | @a20160929d2016 em y0chiy50 ea | |
| 101 | 0 | @achi |
| 102 | @aCN@b110000 | |
| 105 | @aa z 000yy | |
| 106 | @ar | |
| 200 | 1 | @a一看就懂的南北朝史@Ayi kan jiu dong de nan bei chao shi@f黄哲著 |
| 210 | @a北京@c中国法制出版社@d2016 | |
| 215 | @a232页@c图@d24cm | |
| 225 | 2 | @a一看就懂的中国史系列@Ayi kan jiu dong de zhong guo shi xi lie |
| 312 | @a封面英文题名:A very short history of Northern and Southern Dynasties | |
| 330 | @a本书共六章,包括:南北朝的崛起、南朝刘宋与北魏之争、南齐北魏对峙、南梁浮沉、又见三国、南北一统。 | |
| 461 | 0 | @12001 @a一看就懂的中国史系列 |
| 510 | 1 | @aVery short history of Northern and Southern Dynasties@zeng |
| 606 | 0 | @a南北朝时代@Anan bei chao shi dai@x历史@j通俗读物 |
| 690 | @aK239.09@v5 | |
| 701 | 0 | @a黄哲@Ahuang zhe@4著 |
| 801 | 0 | @aCN@bTANGWEI@c20170308 |
| 905 | @b0965982-4@dK239.09@e67@f3 | |
| 一看就懂的南北朝史/黄哲著.-北京:中国法制出版社,2016 |
| 232页:图;24cm.-(一看就懂的中国史系列) |
| ISBN 978-7-5093-7608-9:CNY36.00 |
| 本书共六章,包括:南北朝的崛起、南朝刘宋与北魏之争、南齐北魏对峙、南梁浮沉、又见三国、南北一统。 |
| ● |
| 相关链接 |
|
|
|
|
正题名:一看就懂的南北朝史
索取号:K239.09/67
 
预约/预借
| 序号 | 登录号 | 条形码 | 馆藏地/架位号 | 状态 | 备注 |
| 1 | 0965982 | 209659822 | 第二样本阅览室/ [索取号:K239.09/67] | 在馆 | |
| 2 | 0965983 | 209659831 | 第二借阅区/ [索取号:K239.09/67] | 在馆 | |
| 3 | 0965984 | 209659840 | 密集书库-史法系/ [索取号:K239.09/67] | 在馆 |